World investment report (Wir) 2009 : transnational corporations, agricultural production and development.
| Corporate Author: | |
|---|---|
| Format: | Book |
| Published: |
New York:
United Nations,
2009.
|
| Series: | United Nations conference on trade and development
|
| Subjects: |
| LEADER | 00540cam a2200157 7i4500 | ||
|---|---|---|---|
| 001 | 0000024453 | ||
| 005 | 20140325090000.0 | ||
| 090 | 0 | 0 | |a I 338.9 |b UNI |
| 110 | 2 | 0 | |a United Nations |
| 245 | 2 | 0 | |a World investment report (Wir) 2009 : |b transnational corporations, agricultural production and development. |
| 260 | 0 | 0 | |a New York: |b United Nations, |c 2009. |
| 300 | # | # | |a 280 p. |
| 440 | 0 | 0 | |a United Nations conference on trade and development |
| 650 | 0 | 0 | |a Investments |
| 650 | 0 | 0 | |a Agriculture |
| 999 | |a 0000025841 |b Book |c International |e Business Information Centre | ||